000
00256nam a22001097a 4500
050
_a
QD244
_b
.B83 C.2
100
_a
Bulock D. John
245
_a
The Biosynthesis of Natural Products
260
_a
London
_b
McGraw- Hill
_c
1965
300
_a
x,149p.
942
_c
GEN
999
_c
3341
_d
3341